000 00470nam a22001577a 4500
020 _a0072555459
040 _cNUST
082 _a658.3 HUM
100 _a Noe, Raymond A
_97939
110 _aGerhart, Barry Hollenbeck, John R. Wright, Patrick M
_9113136
245 _aHuman Resource Management :
_bGaining a Competitive Advantage
250 _a4th Edition
260 _aBoston:
_bMcGraw-Hil,
_c2003.
650 _aHuman Resource Management
_964173
942 _2ddc
_cBK
999 _c594950
_d594950